| 000 | 00454nam a2200169 i 4500 | ||
|---|---|---|---|
| 001 | 146601 | ||
| 003 | ES-MaACL | ||
| 005 | 20230906201612.0 | ||
| 007 | t| | ||
| 008 | 070912s1920 fr ||||1| fre d | ||
| 100 | 1 |
_aToulet, Paul Jean. _9111126 |
|
| 245 | 1 | 3 |
_aLa jeune fille verte _b: roman / _cPaul Jean Toulet. |
| 250 | _a10ยช ed. | ||
| 260 |
_aParis : _b[s.n.], _c1920 ( _fImp. Chaix) |
||
| 300 |
_a316 p. ; _c18 cm. |
||
| 852 |
_aES-MaACL _jF-2882 |
||
| 999 |
_c146601 _d146601 |
||